Normal view
MARC view
- الفلسفة-الطريقة الإستنتاجية
Entry Topical Term
001 - CONTROL NUMBER
- control field: 22593
003 - CONTROL NUMBER IDENTIFIER
- control field: JO-AjAnu
005 - DATE AND TIME OF LATEST TRANSACTION
- control field: 20230606073910.0
008 - FIXED-LENGTH DATA ELEMENTS
- fixed length control field: 230606|| aca||aabn | a|a d
040 ## - CATALOGING SOURCE
- Original cataloging agency: JO-AjAnu
- Transcribing agency: JO-AjAnu
150 ## - HEADING--TOPICAL TERM
- Topical term or geographic name entry element: الفلسفة-الطريقة الإستنتاجية
670 ## - SOURCE DATA FOUND
- Source citation: Work cat.: (JO-AjAnu)11612: تاليف العايدي، محمد صبحي, author 22592, تهذيب فن المنطق: شرح متن إيساغوجي للعلامة اثير الدين المفضل بن عمر الابهري